Management of Organizational Behavior: Leading Human Resources (Record no. 3256)

MARC details
005 - DATE AND TIME OF LATEST TRANSACTION
control field 20250605171110.0
020 ## - INTERNATIONAL STANDARD BOOK NUMBER
International Standard Book Number 0-13-017598-6
082 ## - DEWEY DECIMAL CLASSIFICATION NUMBER
Classification number TEA LECT 658.3 HER
100 ## - MAIN ENTRY--PERSONAL NAME
Author name HERSEY, P.
245 ## - TITLE STATEMENT
Title Management of Organizational Behavior: Leading Human Resources
250 ## - EDITION STATEMENT
Edition statement 8th Ed.
260 ## - PUBLICATION, DISTRIBUTION, ETC.
Place of publication, distribution, etc. New Jersey,
Name of publisher, distributor, etc. Prentice Hall,
Date of publication, distribution, etc. 2001.
300 ## - PHYSICAL DESCRIPTION
Extent xxiv, 516p.: ill.; figure, table.
Other physical details Bibliographical references, index.
Dimensions 25cm.
700 ## - ADDED ENTRY--PERSONAL NAME
Other authors/Editors BLANCHARD, K. H. & JOHSON, D. W.
856 ## - ELECTRONIC LOCATION AND ACCESS
Link text Access online book
Electronic name Management of Organizational Behavior
Path www.prenhall.com
942 ## - ADDED ENTRY ELEMENTS (KOHA)
Source of classification or shelving scheme Dewey Decimal Classification
Koha item type Books
Holdings
Date last seen Total checkouts Full call number Barcode Cost, replacement price Price effective from Koha item type Lost status Source of classification or shelving scheme Damaged status Not for loan Withdrawn status Home library Current library Shelving location Date acquired Cost, normal purchase price
06/05/2025   TEA LECT 658.3 HER 00000011216 366000.00 06/05/2025 Books   Dewey Decimal Classification       College of Business Education Main Library College of Business Education Main Library General Collection 04/22/2005 122000.00